Účasť inštitúcií na tvorbe PHSR ako súčasť podpory lokálneho rozvoja diplomová práca
Na minha lista:
| Autor principal: | |
|---|---|
| Autor Corporativo: | |
| Outros Autores: | |
| Formato: | Livro |
| Idioma: | eslovaco |
| Publicado em: |
Bratislava
2012
|
| Tags: |
Sem tags, seja o primeiro a adicionar uma tag!
|
MARC
| LEADER | 00000nbm a2200000 4500 | ||
|---|---|---|---|
| 001 | 0152122 | ||
| 005 | 20161109102012.1 | ||
| 041 | 0 | |a slo | |
| 044 | |a SK | ||
| 245 | 1 | 0 | |a Účasť inštitúcií na tvorbe PHSR ako súčasť podpory lokálneho rozvoja |b diplomová práca |c Tatiana Gondová ; školiteľ: Alžbeta Ivaničková |
| 264 | 1 | |a Bratislava |c 2012 | |
| 300 | |a 65 s. | ||
| 100 | 1 | |a Gondová, Tatiana | |
| 700 | 1 | |a Ivaničková, Alžbeta | |
| 710 | 2 | |a Národohospodárska fakulta EU. Katedra verejnej správy a regionálneho rozvoja | |